000 00438nam a2200181Ia 4500
005 20240921120806.0
008 240921s9999||||xx |||||||||||||| ||und||
041 _aENGLISH
082 _A621.3 M9
100 _aPremkumar N
245 0 _aElectrical and Electronics Engineering
250 _a2nd
260 _c1989
_bAnuradha,Kumbakonam
500 _aD C MOtors
650 _aElectrical
_bElectrical
942 _cBK
999 _c247559
_d247559